000 00776nam a22002057a 4500
999 _c18244
_d18244
008 200227b xxu||||| |||| 00| 0 eng d
020 _a1597496438
040 _aKABU
_cKABU
050 _aKF8902
_b.D36 2012 c. 1
100 _aDaniel, Larry E.
245 _aDigital forensics for legal professionals
_bunderstanding digital evidence from the warrant to the courtroom
_cLarry E. Daniel, Lars E. Daniel
260 _aUSA
_bElsevier
_c2012
300 _axxix, 330 p.
650 _aElectronic discovery
_xLaw
_zUnited States
650 _aEvidence
_vDocumentary
_zUnited States
650 _aElectronic records
_xLaw and legislation
_zUnited States
650 _aComputer files
_xLaw and legislation
_zUnited States
700 _aDaniel, Lars E.
942 _2lcc
_cBK
_hKF8902